Statistiken für Frauenbundesliga

Klicken Sie hier um das Quiz zu spielen!

Allgemein

  • Dieses Quiz wurde 83 mal gespielt
  • Das Durchschnittsergebnis liegt bei 10 aus 12

Antwortstatistiken

Antwort% Korrekt
VfL Wolfsburg
99%
FC Bayern München
97%
Eintracht Frankfurt
88%
SGS Essen
81%
SV Werder Bremen
81%
1. FC Köln
79%
TSG 1899 Hoffenheim
79%
MSV Duisburg
78%
RB Leipzig
78%
1. FC Nürnberg
75%
Bayer Leverkusen
75%
SC Freiburg
70%

Verteilung der Resultate

Perzentil nach korrekt beantworteten Fragen

Anzahl Personen mit jedem Resultat

Ihre Resultats-Entwicklung

Sie haben dieses Quiz noch nicht gespielt